[Event "aut_ychg14 St. Georgen"]
[Site "?"]
[Date "2007.??.??"]
[Round "1.1"]
[White "Wunderl, Eva"]
[Black "Froewis, Annika"]
[Result "1-0"]
[WhiteElo "1475"]
[BlackElo "1785"]
[PlyCount "65"]
[EventDate "2007.05.26"]

1. e4 e5 2. Nf3 Nc6 3. d4 exd4 4. Bc4 Nf6 5. e5 d5 6. Bb5 Ne4 7. Nxd4 Bd7 8.
Bxc6 bxc6 9. O-O Bc5 10. Be3 Bb6 11. Nc3 Nxc3 12. bxc3 O-O 13. Qe2 a6 14. Rae1
Re8 15. Nf3 c5 16. c4 d4 17. Bf4 Bf5 18. Rd1 Qd7 19. Rfe1 Ba5 20. Bd2 Bxd2 21.
Qxd2 Qa4 22. c3 Bc2 23. Rc1 d3 24. Qf4 Qxa2 25. Ng5 Re7 26. Qe4 Ree8 27. Qxh7+
Kf8 28. Qh8+ Ke7 29. Qxg7 Qxc4 30. e6 Kd6 31. Nxf7+ Kd5 32. Qg5+ Kc6 33. Ne5+
1-0

[Event "aut_ychg14 St. Georgen"]
[Site "?"]
[Date "2007.??.??"]
[Round "1.2"]
[White "Bauer, Marie-Christine"]
[Black "Steiner, Lucia"]
[Result "1-0"]
[WhiteElo "1701"]
[BlackElo "1473"]
[PlyCount "81"]
[EventDate "2007.05.26"]

1. e4 e5 2. Nf3 Nc6 3. d4 exd4 4. Nxd4 Nge7 5. Nc3 b6 6. Bg5 Bb7 7. Bc4 Ne5 8.
Bb3 d6 9. Ba4+ c6 10. Nf5 Qd7 11. Nxd6+ Kd8 12. Nxb7+ Kc8 13. Nd6+ Kc7 14. Bxe7
Bxe7 15. Nd5+ Kd8 16. Nxe7 Kxe7 17. Nf5+ Kf8 18. Qxd7 Nxd7 19. Bxc6 Rd8 20.
O-O-O Ke8 21. Nxg7+ Kf8 22. Bxd7 Kxg7 23. Bf5 Rxd1+ 24. Rxd1 Re8 25. Rd7 Ra8
26. e5 a5 27. e6 Rf8 28. Rxf7+ Rxf7 29. exf7 Kxf7 30. Bxh7 Ke6 31. f4 Kf6 32.
g4 Kg7 33. Be4 Kf6 34. h4 Kg7 35. h5 Kh6 36. Bg6 Kg7 37. g5 b5 38. f5 b4 39.
h6+ Kg8 40. f6 Kf8 41. h7 1-0

[Event "aut_ychg14 St. Georgen"]
[Site "?"]
[Date "2007.??.??"]
[Round "1.3"]
[White "Krivda, Manuela"]
[Black "Kessler, Michaela"]
[Result "0-1"]
[WhiteElo "1412"]
[BlackElo "1619"]
[PlyCount "108"]
[EventDate "2007.05.26"]

1. e4 c6 2. Nf3 d5 3. exd5 cxd5 4. d4 Nc6 5. Nc3 Nf6 6. Bf4 Bg4 7. Be2 e6 8. h3
Bxf3 9. Bxf3 Qb6 10. Na4 Qxd4 11. Qxd4 Nxd4 12. Bd1 Be7 13. O-O O-O 14. c3 Nc6
15. b3 b5 16. Nb2 Ne4 17. c4 Bf6 18. Rb1 Nc3 19. Rc1 Nxa2 20. Rc2 Nab4 21. Rd2
Bxb2 22. Rxb2 Nd3 23. cxb5 Nxb2 24. bxc6 Nd3 25. Bg3 f6 26. Be2 Ne5 27. Bb5
Rac8 28. Rc1 a6 29. Ba4 Nd3 30. Rc2 Nb4 31. Rc1 Rf7 32. Bd6 Nd3 33. Rc2 g6 34.
Kf1 a5 35. Bb5 Nb4 36. Rc3 Kg7 37. Rc5 g5 38. Ke2 e5 39. f3 Kg6 40. g3 Kf5 41.
Rc3 Ke6 42. Bxb4 axb4 43. Rc2 Kd6 44. Ke3 Rfc7 45. Kd3 Rxc6 46. Bxc6 Rxc6 47.
Rxc6+ Kxc6 48. Ke3 Kc5 49. Kd3 f5 50. Ke3 h5 51. Kd3 d4 52. g4 fxg4 53. fxg4
hxg4 54. hxg4 Kd5 0-1

[Event "aut_ychg14 St. Georgen"]
[Site "?"]
[Date "2007.??.??"]
[Round "1.4"]
[White "Anker, Christin"]
[Black "Krassnitzer, Maria"]
[Result "1-0"]
[WhiteElo "1593"]
[BlackElo "1267"]
[PlyCount "61"]
[EventDate "2007.05.26"]

1. e4 e5 2. Nf3 Nf6 3. Bc4 h6 4. Nxe5 Qe7 5. Nxf7 Qxe4+ 6. Qe2 Qxe2+ 7. Kxe2
Rg8 8. Ne5 d5 9. Bb3 Bd6 10. Nf3 Nc6 11. Nc3 Be6 12. d4 Bg4 13. Be3 Bxf3+ 14.
Kxf3 Na5 15. Nxd5 Nxb3 16. Nxf6+ Kf7 17. Nxg8 Nxa1 18. Nxh6+ gxh6 19. Rxa1 Kg6
20. g3 Rf8+ 21. Kg2 b6 22. Re1 Rf5 23. Bc1 h5 24. Bd2 c5 25. Re6+ Rf6 26. Rxf6+
Kxf6 27. dxc5 Bxc5 28. f4 Kf5 29. Kf3 Bg1 30. h3 Bh2 31. Kg2 1-0

[Event "aut_ychg14 St. Georgen"]
[Site "?"]
[Date "2007.??.??"]
[Round "1.5"]
[White "Jost, Corinna"]
[Black "Steininger, Sandra"]
[Result "0-1"]
[WhiteElo "1248"]
[BlackElo "1582"]
[PlyCount "74"]
[EventDate "2007.05.26"]

1. e4 c5 2. Nf3 Nc6 3. Bb5 g6 4. Nc3 Bg7 5. O-O Nf6 6. d3 O-O 7. Bg5 Qb6 8. b3
Nxe4 9. Bd2 Nxc3 10. Bxc3 Bxc3 11. Rb1 Qxb5 12. Qe2 d6 13. Qe4 Bf5 14. Qh4 Bf6
15. Ng5 Bxg5 16. Qxg5 Rfe8 17. Rfe1 f6 18. Qf4 Nd4 19. Rbc1 Qa5 20. g4 Bd7 21.
c3 Nb5 22. c4 Nd4 23. Qe4 Bc6 24. Qf4 Nf3+ 25. Kf1 Nxe1 26. Rxe1 Bg2+ 27. Ke2
Qxa2+ 28. Ke3 Bc6 29. d4 Qxb3+ 30. Kd2 Qb4+ 31. Ke2 Qxc4+ 32. Kd2 Qb4+ 33. Kd1
Ba4+ 34. Ke2 Qxd4 35. Qe3 Qxg4+ 36. f3 Qg2+ 37. Kd3 Qc2# 0-1

[Event "aut_ychg14 St. Georgen"]
[Site "?"]
[Date "2007.??.??"]
[Round "1.6"]
[White "Berghofer, Anja"]
[Black "Windhager, Vanessa"]
[Result "1-0"]
[WhiteElo "1502"]
[BlackElo "1200"]
[PlyCount "89"]
[EventDate "2007.05.26"]

1. e4 e5 2. Nf3 Nc6 3. d4 exd4 4. Nxd4 Nxd4 5. Qxd4 d6 6. Nc3 Qf6 7. Qd1 Ne7 8.
Nb5 Kd8 9. Bd3 a6 10. Nc3 Qe5 11. O-O d5 12. exd5 Nxd5 13. Nxd5 Qxd5 14. Bc4
Qxd1 15. Rxd1+ Ke8 16. Re1+ Be7 17. Bf4 c6 18. Bd6 Be6 19. Bxe6 Bxd6 20. Bc8+
Kd8 21. Bxb7 Rb8 22. Bxc6 Rxb2 23. Ba4 Bb4 24. Red1+ Kc8 25. Bb3 f6 26. Rd4 a5
27. Rc4+ Kd7 28. Rd1+ Bd6 29. Rcd4 Kc7 30. Rxd6 Kc8 31. h3 a4 32. Bxa4 Rb7 33.
Rc6+ Rc7 34. Rxc7+ Kxc7 35. Rd7+ Kb8 36. Re7 g5 37. Re8+ Rxe8 38. Bxe8 Kc7 39.
a4 Kb6 40. c4 f5 41. Kh2 g4 42. hxg4 fxg4 43. Kg3 Kc5 44. a5 Kxc4 45. a6 1-0

[Event "aut_ychg14 St. Georgen"]
[Site "?"]
[Date "2007.??.??"]
[Round "2.1"]
[White "Steininger, Sandra"]
[Black "Bauer, Marie-Christine"]
[Result "1/2-1/2"]
[WhiteElo "1582"]
[BlackElo "1701"]
[PlyCount "58"]
[EventDate "2007.05.26"]

1. d4 d5 2. c4 e6 3. Nc3 Nf6 4. Nf3 Nbd7 5. Bg5 c6 6. e3 Qa5 7. Nd2 dxc4 8.
Bxf6 Nxf6 9. Nxc4 Qg5 10. Qf3 Bb4 11. Rc1 O-O 12. Bd3 Rd8 13. O-O Rb8 14. a3
Be7 15. Ne4 Nxe4 16. Qxe4 Qh6 17. Qe5 Ra8 18. h3 Qf6 19. Rc2 Qxe5 20. Nxe5 Bf6
21. Ng4 Bg5 22. Rfc1 f6 23. Rd1 Kh8 24. Rcd2 b6 25. Nh2 Bb7 26. Nf3 Bh6 27. Bc4
Rd6 28. Kf1 Rad8 29. Ke2 Kg8 1/2-1/2

[Event "aut_ychg14 St. Georgen"]
[Site "?"]
[Date "2007.??.??"]
[Round "2.2"]
[White "Kessler, Michaela"]
[Black "Berghofer, Anja"]
[Result "1-0"]
[WhiteElo "1619"]
[BlackElo "1502"]
[PlyCount "67"]
[EventDate "2007.05.26"]

1. e4 c5 2. Nf3 Nc6 3. Nc3 g6 4. g3 Bg7 5. Bg2 d6 6. O-O Rb8 7. a4 e6 8. d3
Nge7 9. Be3 O-O 10. d4 cxd4 11. Nxd4 a6 12. Qd2 Ne5 13. Rfe1 Nc4 14. Qc1 Nxe3
15. Qxe3 Nc6 16. Nb3 Nb4 17. Re2 Re8 18. Rd1 b6 19. Qd2 d5 20. exd5 exd5 21.
Rxe8+ Qxe8 22. Bxd5 Bxc3 23. Qxc3 Nxd5 24. Rxd5 Bb7 25. Re5 Qd7 26. f3 Rc8 27.
Qd4 Qc6 28. Re3 Qxc2 29. Qxb6 Qd1+ 30. Kg2 Rc2+ 31. Kh3 Qf1+ 32. Kg4 h5+ 33.
Kg5 f6+ 34. Kxg6 1-0

[Event "aut_ychg14 St. Georgen"]
[Site "?"]
[Date "2007.??.??"]
[Round "2.3"]
[White "Wunderl, Eva"]
[Black "Anker, Christin"]
[Result "0-1"]
[WhiteElo "1475"]
[BlackElo "1593"]
[PlyCount "58"]
[EventDate "2007.05.26"]

1. e4 e5 2. Nf3 Nc6 3. d4 exd4 4. Bc4 Nf6 5. e5 d5 6. Bb5 Ne4 7. Nxd4 Bd7 8.
Bxc6 bxc6 9. f3 Qh4+ 10. g3 Nxg3 11. hxg3 Qxh1+ 12. Kd2 Qg2+ 13. Qe2 Qxg3 14.
Nc3 Be7 15. Nb3 Bg5+ 16. Kd1 Qg1+ 17. Qe1 Qxe1+ 18. Kxe1 Bh4+ 19. Ke2 Bg3 20.
f4 Bf5 21. Nd4 Bd7 22. Bd2 Bh4 23. Rg1 g6 24. Rh1 Be7 25. Kf3 O-O-O 26. Re1 c5
27. Nxd5 Bh4 28. Rh1 cxd4 29. Rxh4 Bc6 0-1

[Event "aut_ychg14 St. Georgen"]
[Site "?"]
[Date "2007.??.??"]
[Round "2.4"]
[White "Froewis, Annika"]
[Black "Krassnitzer, Maria"]
[Result "1-0"]
[WhiteElo "1785"]
[BlackElo "1267"]
[PlyCount "51"]
[EventDate "2007.05.26"]

1. e4 e5 2. Nf3 Nf6 3. Nc3 Nc6 4. Bb5 Bb4 5. Bxc6 dxc6 6. O-O O-O 7. d3 Re8 8.
Ne2 Bg4 9. Ng3 Qd7 10. h3 Bxf3 11. Qxf3 b5 12. Nf5 Kh8 13. Qg3 Rg8 14. Qxe5
Rae8 15. Qg3 c5 16. a3 Ba5 17. b4 Bb6 18. Bb2 c4 19. Qg5 Qe6 20. h4 h6 21. Nxh6
Nh7 22. Qd2 Rgf8 23. Nf5 f6 24. Qf4 Rd8 25. Qg3 cxd3 26. Qxg7# 1-0

[Event "aut_ychg14 St. Georgen"]
[Site "?"]
[Date "2007.??.??"]
[Round "2.5"]
[White "Steiner, Lucia"]
[Black "Jost, Corinna"]
[Result "1-0"]
[WhiteElo "1473"]
[BlackElo "1248"]
[PlyCount "35"]
[EventDate "2007.05.26"]

1. e4 c5 2. Nf3 e6 3. d4 cxd4 4. Nxd4 a6 5. Nc3 b5 6. Bd3 Bb7 7. O-O Nc6 8.
Nxc6 Bxc6 9. b3 Qa5 10. Bb2 Nf6 11. Ne2 Be7 12. Ng3 O-O 13. Qf3 Rfd8 14. Nh5
Nxh5 15. Qxh5 d5 16. exd5 Rxd5 17. Qxh7+ Kf8 18. Qh8# 1-0

[Event "aut_ychg14 St. Georgen"]
[Site "?"]
[Date "2007.??.??"]
[Round "2.6"]
[White "Windhager, Vanessa"]
[Black "Krivda, Manuela"]
[Result "1/2-1/2"]
[WhiteElo "1200"]
[BlackElo "1412"]
[PlyCount "40"]
[EventDate "2007.05.26"]

1. e4 c5 2. Nf3 Nc6 3. Bb5 d6 4. Bxc6+ bxc6 5. d3 g6 6. Nc3 Bg7 7. Bd2 e6 8.
Qe2 Ne7 9. e5 d5 10. Ng5 O-O 11. O-O Nf5 12. Bf4 Bh6 13. Qg4 Nd4 14. Rac1 Rb8
15. b3 Nb5 16. Na4 Qe7 17. Qh4 Kg7 18. c4 Nd4 19. Nc3 Nf5 20. Qg4 Ba6 1/2-1/2

[Event "aut_ychg14 St. Georgen"]
[Site "?"]
[Date "2007.??.??"]
[Round "3.1"]
[White "Anker, Christin"]
[Black "Kessler, Michaela"]
[Result "1/2-1/2"]
[WhiteElo "1593"]
[BlackElo "1619"]
[PlyCount "69"]
[EventDate "2007.05.26"]

1. e4 c6 2. d4 d5 3. e5 Bf5 4. h4 h5 5. c4 e6 6. Nc3 dxc4 7. Bxc4 Nd7 8. Nge2
Nb6 9. Bb3 Ne7 10. Bg5 Qd7 11. Ng3 Bg6 12. Nce4 Bxe4 13. Nxe4 Ned5 14. Rc1 Bb4+
15. Bd2 Bxd2+ 16. Qxd2 O-O-O 17. a4 Nc7 18. a5 Nbd5 19. O-O Kb8 20. Ra1 Nb5 21.
Rfd1 Ndc7 22. Ra4 Qe7 23. g3 Na6 24. Qe3 Rd7 25. Nc5 Nxc5 26. dxc5 Rhd8 27.
Raa1 a6 28. Rxd7 Rxd7 29. Rd1 Rxd1+ 30. Bxd1 Qd7 31. Bxh5 g6 32. Bf3 Qd4 33.
Qxd4 Nxd4 34. Bd1 Kc7 35. f4 1/2-1/2

[Event "aut_ychg14 St. Georgen"]
[Site "?"]
[Date "2007.??.??"]
[Round "3.2"]
[White "Bauer, Marie-Christine"]
[Black "Froewis, Annika"]
[Result "0-1"]
[WhiteElo "1701"]
[BlackElo "1785"]
[PlyCount "48"]
[EventDate "2007.05.26"]

1. e4 e5 2. Nf3 Nc6 3. d4 exd4 4. Nxd4 Bc5 5. Be3 Qf6 6. c3 Nge7 7. Bc4 O-O 8.
O-O Bb6 9. Kh1 d6 10. Na3 Qg6 11. f3 Kh8 12. Qd2 Bd7 13. Bd3 Ne5 14. Bc2 f6 15.
Rf2 Rad8 16. b3 Qf7 17. Nc4 Nxc4 18. bxc4 Qxc4 19. Bb3 Qa6 20. f4 f5 21. Raf1
fxe4 22. f5 Bxd4 23. Qxd4 Rxf5 24. Bh6 Qxf1+ 0-1

[Event "aut_ychg14 St. Georgen"]
[Site "?"]
[Date "2007.??.??"]
[Round "3.3"]
[White "Berghofer, Anja"]
[Black "Steininger, Sandra"]
[Result "1-0"]
[WhiteElo "1502"]
[BlackElo "1582"]
[PlyCount "39"]
[EventDate "2007.05.26"]

1. e4 c5 2. Nf3 Nc6 3. d4 cxd4 4. Nxd4 g6 5. Be3 Bg7 6. Qd2 Nf6 7. f3 Qb6 8.
Nb3 Qc7 9. g4 Nxe4 10. fxe4 Bxb2 11. Nc3 Bxa1 12. Nxa1 d6 13. Nd5 Qd8 14. h3
Be6 15. Bb5 Bd7 16. O-O Ne5 17. Bxd7+ Qxd7 18. Bg5 Nc6 19. Qf2 Qe6 20. Nc7+ 1-0

[Event "aut_ychg14 St. Georgen"]
[Site "?"]
[Date "2007.??.??"]
[Round "3.4"]
[White "Steiner, Lucia"]
[Black "Wunderl, Eva"]
[Result "0-1"]
[WhiteElo "1473"]
[BlackElo "1475"]
[PlyCount "62"]
[EventDate "2007.05.26"]

1. e4 e5 2. Nf3 Nc6 3. Bb5 a6 4. Bxc6 dxc6 5. O-O Bg4 6. h3 h5 7. d3 Qf6 8.
Nbd2 Ne7 9. Qe2 Ng6 10. Qe3 Nf4 11. Ne1 Be2 12. Nc4 Bxf1 13. Kxf1 g5 14. Nf3 g4
15. Ng1 gxh3 16. Nxh3 Nxh3 17. Qxh3 Bc5 18. Be3 Bxe3 19. Nxe3 Rd8 20. Rd1 Qe6
21. Nf5 Qxa2 22. Ng7+ Kf8 23. Qh4 Rb8 24. Qf6 Rg8 25. Nxh5 Qe6 26. Qxe6 fxe6
27. Nf6 Rg7 28. Nh5 Rg5 29. Nf6 Ke7 30. Nh7 Rh5 31. f3 Rxh7 0-1

[Event "aut_ychg14 St. Georgen"]
[Site "?"]
[Date "2007.??.??"]
[Round "3.5"]
[White "Krassnitzer, Maria"]
[Black "Krivda, Manuela"]
[Result "0-1"]
[WhiteElo "1267"]
[BlackElo "1412"]
[PlyCount "102"]
[EventDate "2007.05.26"]

1. e4 c5 2. Nf3 d6 3. Bb5+ Bd7 4. Qe2 g6 5. Nc3 Bg7 6. O-O a6 7. Bxd7+ Nxd7 8.
d3 e6 9. Bf4 Nb6 10. Rad1 Ne7 11. e5 Nbc8 12. exd6 Nxd6 13. d4 cxd4 14. Nxd4
Qb6 15. Qe3 Nc4 16. Qe4 Nd6 17. Bxd6 Qxd6 18. Nf5 Qe5 19. Nd6+ Kf8 20. Rfe1
Qxe4 21. Rxe4 b5 22. a3 Nf5 23. Nb7 Rc8 24. Rd3 Bf6 25. Re2 Kg7 26. Nd1 Rc7 27.
Nd6 Nxd6 28. Rxd6 Rd8 29. Red2 Rxd6 30. Rxd6 Rxc2 31. b4 Rc1 32. g3 Be5 33. Rd3
Rc6 34. Kg2 Bc7 35. Nc3 Be5 36. Ne4 f5 37. Nc5 Kf6 38. Nd7+ Ke7 39. Nxe5 Rb6
40. Nd7 Rc6 41. Nc5 h6 42. h4 g5 43. h5 Kf6 44. Rd7 g4 45. f4 gxf3+ 46. Kxf3
Kg5 47. Rg7+ Kf6 48. Rg6+ Kf7 49. Rxh6 Rd6 50. Kf4 Rd4+ 51. Kg5 Rg4# 0-1

[Event "aut_ychg14 St. Georgen"]
[Site "?"]
[Date "2007.??.??"]
[Round "3.6"]
[White "Jost, Corinna"]
[Black "Windhager, Vanessa"]
[Result "1/2-1/2"]
[WhiteElo "1248"]
[BlackElo "1200"]
[PlyCount "25"]
[EventDate "2007.05.26"]

1. e4 e5 2. Nf3 Nc6 3. Bb5 Nf6 4. Nc3 d6 5. d4 Bg4 6. d5 a6 7. Bxc6+ bxc6 8.
dxc6 Qb8 9. h3 Bh5 10. g4 Bg6 11. O-O Qb6 12. Re1 Qxc6 13. Nd2 1/2-1/2

[Event "aut_ychg14 St. Georgen"]
[Site "?"]
[Date "2007.??.??"]
[Round "4.1"]
[White "Kessler, Michaela"]
[Black "Wunderl, Eva"]
[Result "1-0"]
[WhiteElo "1619"]
[BlackElo "1475"]
[PlyCount "49"]
[EventDate "2007.05.26"]

1. e4 e5 2. Nf3 Nc6 3. Bc4 Bc5 4. c3 Nf6 5. d3 d6 6. O-O Bg4 7. Nbd2 O-O 8. h3
Be6 9. Re1 Bb6 10. Bb3 Bxb3 11. Qxb3 Na5 12. Qc2 a6 13. Nf1 h6 14. Be3 Bxe3 15.
Nxe3 Nc6 16. d4 Re8 17. Nf5 exd4 18. cxd4 Ne7 19. N3h4 Qd7 20. Rac1 c6 21. Qd3
Nxf5 22. Nxf5 Re6 23. Qg3 Ne8 24. Qg4 Rg6 25. Nxh6+ 1-0

[Event "aut_ychg14 St. Georgen"]
[Site "?"]
[Date "2007.??.??"]
[Round "4.2"]
[White "Froewis, Annika"]
[Black "Anker, Christin"]
[Result "1-0"]
[WhiteElo "1785"]
[BlackElo "1593"]
[PlyCount "131"]
[EventDate "2007.05.26"]

1. e4 e5 2. Nf3 Nc6 3. Bc4 Bc5 4. c3 Nf6 5. d3 d6 6. O-O Bg4 7. Qb3 Na5 8.
Bxf7+ Kf8 9. Qa4 c6 10. Ng5 Ke7 11. b4 h6 12. Ne6 Bxe6 13. Bxe6 Kxe6 14. bxa5
a6 15. Qb3+ Kd7 16. Qxb7+ Qc7 17. Qxc7+ Kxc7 18. Nd2 Rhf8 19. Nb3 Ba7 20. h3
Rad8 21. Ba3 Rf7 22. Rad1 Nh5 23. d4 exd4 24. Nxd4 Rf6 25. Rd2 Bxd4 26. cxd4
Re6 27. Re2 Rde8 28. Rfe1 Nf4 29. Re3 g5 30. e5 dxe5 31. Rxe5 Rxe5 32. dxe5 Re6
33. Bd6+ Kd7 34. Rb1 Nd3 35. Rb7+ Kd8 36. Ra7 Nxe5 37. Bxe5 Rxe5 38. Rxa6 Kc7
39. Ra7+ Kb8 40. Rh7 Re6 41. Rf7 c5 42. Rf3 Ka7 43. Kf1 Ka6 44. Ra3 c4 45. Re3
Rd6 46. Re5 c3 47. Rc5 Rd3 48. Ke2 Rd2+ 49. Ke3 Rxa2 50. Rxc3 Kxa5 51. Rc6 Ra3+
52. Ke4 Ra2 53. Kf3 Ra3+ 54. Kg4 Ra2 55. Kg3 Ra3+ 56. Kh2 Ra2 57. f3 Kb4 58.
Rxh6 Ra5 59. h4 gxh4 60. Rxh4+ Kc3 61. Re4 Kd3 62. Kh3 Ra8 63. g4 Rf8 64. Kg3
Rg8 65. Re7 Kd4 66. f4 1-0

[Event "aut_ychg14 St. Georgen"]
[Site "?"]
[Date "2007.??.??"]
[Round "4.3"]
[White "Bauer, Marie-Christine"]
[Black "Berghofer, Anja"]
[Result "1/2-1/2"]
[WhiteElo "1701"]
[BlackElo "1502"]
[PlyCount "68"]
[EventDate "2007.05.26"]

1. e4 c5 2. Nf3 Nc6 3. d4 cxd4 4. Nxd4 Nf6 5. Nc3 e5 6. Nf5 d6 7. Bg5 Bxf5 8.
exf5 Be7 9. Bc4 Rc8 10. Bb3 O-O 11. h4 h6 12. Be3 Nh7 13. Qg4 Nf6 14. Qh3 d5
15. O-O-O d4 16. Ne2 Qc7 17. Bd2 Ne4 18. Bxh6 Bf6 19. Qf3 Nc5 20. Bg5 e4 21.
Qh5 Nxb3+ 22. axb3 Nb4 23. Rd2 Nd3+ 24. Kb1 Nxf2 25. Bxf6 gxf6 26. Rh3 Nxh3 27.
Qg4+ Kh8 28. gxh3 e3 29. Rxd4 Qxc2+ 30. Ka2 Rg8 31. Qh5+ Kg7 32. Rg4+ Kf8 33.
Qh6+ Ke7 34. Qxe3+ Kf8 1/2-1/2

[Event "aut_ychg14 St. Georgen"]
[Site "?"]
[Date "2007.??.??"]
[Round "4.4"]
[White "Krivda, Manuela"]
[Black "Steininger, Sandra"]
[Result "0-1"]
[WhiteElo "1412"]
[BlackElo "1582"]
[PlyCount "118"]
[EventDate "2007.05.26"]

1. e4 c5 2. Nf3 Nc6 3. d4 cxd4 4. Nxd4 g6 5. Nc3 Bg7 6. Be3 Nf6 7. Qd2 Nxd4 8.
Bxd4 O-O 9. O-O-O d6 10. Be3 Re8 11. Bh6 Bh8 12. Bc4 Qb6 13. Be3 Qb4 14. Bb3
Nxe4 15. Nxe4 Qxe4 16. f3 Qc6 17. Bd4 Bxd4 18. Qxd4 Bf5 19. Qc4 Qxc4 20. Bxc4
Rac8 21. Bb3 Rc7 22. Rhe1 Rec8 23. Rd2 Kf8 24. g4 Bd7 25. c3 Bb5 26. h4 Bc4 27.
Bxc4 Rxc4 28. Rde2 R8c7 29. Kb1 Rf4 30. Re3 e6 31. Rd1 Ke7 32. Red3 d5 33. b3
h5 34. Rg1 Rc8 35. Kb2 Rh8 36. gxh5 Rxh5 37. Rg4 Rxh4 38. Rxh4 Rxh4 39. Rd1
Rh2+ 40. Ka3 Rf2 41. Rd3 f5 42. b4 g5 43. Kb3 Rg2 44. Rd4 g4 45. fxg4 Rxg4 46.
Rd3 Kd6 47. Rf3 Ke5 48. Kc2 Rg2+ 49. Kb3 f4 50. a3 Rg3 51. Rf1 Kf5 52. Kc2 e5
53. Rd1 f3 54. Rf1 e4 55. Kd2 Kf4 56. Rf2 Rg2 57. Ke1 Rg1+ 58. Rf1 Rxf1+ 59.
Kxf1 e3 0-1

[Event "aut_ychg14 St. Georgen"]
[Site "?"]
[Date "2007.??.??"]
[Round "4.5"]
[White "Windhager, Vanessa"]
[Black "Steiner, Lucia"]
[Result "0-1"]
[WhiteElo "1200"]
[BlackElo "1473"]
[PlyCount "94"]
[EventDate "2007.05.26"]

1. e4 e5 2. Nf3 Nc6 3. Bc4 Bc5 4. d3 h6 5. Nc3 Nf6 6. Nd5 Nxd5 7. Bxd5 Ne7 8.
Nxe5 Nxd5 9. exd5 d6 10. Nf3 O-O 11. O-O Bg4 12. d4 Bb6 13. h3 Bh5 14. Qd3 Qf6
15. c3 Bxf3 16. Qxf3 Qxf3 17. gxf3 Rfe8 18. Kh1 c6 19. dxc6 bxc6 20. Rg1 Kh7
21. Bf4 Bc7 22. Rg4 Re2 23. Rag1 g6 24. Rh4 h5 25. Be3 Rxb2 26. Ra1 d5 27. a4
Rab8 28. Rc1 Rb1 29. Rxb1 Rxb1+ 30. Kg2 Ra1 31. Bg5 Rxa4 32. f4 Rc4 33. f5 a5
34. fxg6+ Kxg6 35. Bd2 a4 36. f4 a3 37. f5+ Kxf5 38. Rxh5+ Ke4 39. Rh8 Ra4 40.
Re8+ Kd3 41. Kf2 a2 42. Re1 Kxd2 43. Ra1 Kc2 44. h4 Bf4 45. Kf3 Bh6 46. Kg4 Kb2
47. Rxa2+ Rxa2 0-1

[Event "aut_ychg14 St. Georgen"]
[Site "?"]
[Date "2007.??.??"]
[Round "4.6"]
[White "Krassnitzer, Maria"]
[Black "Jost, Corinna"]
[Result "1/2-1/2"]
[WhiteElo "1267"]
[BlackElo "1248"]
[PlyCount "120"]
[EventDate "2007.05.26"]

1. e4 e5 2. Nf3 Nc6 3. Bc4 Nf6 4. Ng5 d5 5. exd5 Nxd5 6. Nxf7 Kxf7 7. Qf3+ Qf6
8. Bxd5+ Be6 9. Qxf6+ gxf6 10. Nc3 Rd8 11. Bxe6+ Kxe6 12. d3 Bb4 13. Bd2 Nd4
14. O-O-O Rhg8 15. g3 Nf3 16. Ne4 Bxd2+ 17. Nxd2 Nd4 18. Rhe1 Rg5 19. h4 Rf5
20. f4 Kd5 21. fxe5 fxe5 22. Nc4 Re8 23. Ne3+ Ke6 24. Nxf5 Kxf5 25. Re4 Nf3 26.
g4+ Ke6 27. Rf1 Nxh4 28. Rh1 Nf3 29. c3 Ng5 30. Re3 Rf8 31. Rhe1 Nf3 32. d4
Nxe1 33. Rxe5+ Kf6 34. Rxe1 b5 35. Rf1+ Ke7 36. Rxf8 Kxf8 37. b3 Ke7 38. c4 c6
39. Kc2 Kd6 40. c5+ Kd5 41. Kc3 a6 42. a4 bxa4 43. bxa4 a5 44. Kd3 h6 45. Ke3
Kc4 46. Ke4 Kb4 47. Ke5 Kxa4 48. Kd6 Kb3 49. Kxc6 a4 50. Kd7 a3 51. c6 a2 52.
c7 a1=Q 53. c8=Q Qxd4+ 54. Ke7 Qg7+ 55. Kd6 Qd4+ 56. Kc7 Qf4+ 57. Kb7 Qe4+ 58.
Kb8 Qe5+ 59. Qc7 Qxc7+ 60. Kxc7 Kc4 1/2-1/2

[Event "aut_ychg14 St. Georgen"]
[Site "?"]
[Date "2007.??.??"]
[Round "5.1"]
[White "Froewis, Annika"]
[Black "Kessler, Michaela"]
[Result "1-0"]
[WhiteElo "1785"]
[BlackElo "1619"]
[PlyCount "75"]
[EventDate "2007.05.26"]

1. e4 d5 2. exd5 Nf6 3. d4 Nxd5 4. Nf3 g6 5. c4 Nb6 6. Nc3 Bg7 7. Be3 O-O 8.
Be2 Nc6 9. h3 Na5 10. b3 c5 11. Rc1 cxd4 12. Bxd4 Nc6 13. Bxg7 Kxg7 14. O-O a6
15. Qc2 Bf5 16. Qb2 Kg8 17. Rfd1 Qc7 18. Nd5 Nxd5 19. cxd5 Be4 20. dxc6 Bxc6
21. Ne5 Qb6 22. Nxc6 bxc6 23. Bf3 Rac8 24. Rd7 Rfe8 25. Qe5 e6 26. Qf6 Rf8 27.
h4 Qa5 28. Rc2 Qb5 29. Qg5 c5 30. Rd1 f6 31. Qe3 Rfe8 32. h5 Kf7 33. Qh6 Rh8
34. Rcd2 Ke8 35. hxg6 Qa5 36. gxh7 Qc7 37. Bh5+ Ke7 38. Qg7# 1-0

[Event "aut_ychg14 St. Georgen"]
[Site "?"]
[Date "2007.??.??"]
[Round "5.2"]
[White "Steininger, Sandra"]
[Black "Anker, Christin"]
[Result "1/2-1/2"]
[WhiteElo "1582"]
[BlackElo "1593"]
[PlyCount "24"]
[EventDate "2007.05.26"]

1. d4 d5 2. c4 c6 3. Nc3 Nf6 4. Nf3 Nbd7 5. Bg5 e6 6. e3 Be7 7. Bd3 b6 8. Bxf6
Nxf6 9. Ne5 Bb7 10. Qa4 Qc7 11. cxd5 exd5 12. Rc1 O-O 1/2-1/2

[Event "aut_ychg14 St. Georgen"]
[Site "?"]
[Date "2007.??.??"]
[Round "5.3"]
[White "Berghofer, Anja"]
[Black "Steiner, Lucia"]
[Result "1-0"]
[WhiteElo "1502"]
[BlackElo "1473"]
[PlyCount "53"]
[EventDate "2007.05.26"]

1. e4 e5 2. Nf3 Nc6 3. d4 exd4 4. Nxd4 Qf6 5. Nxc6 Qxc6 6. Bd3 d6 7. Nc3 a6 8.
O-O Nf6 9. Re1 Be7 10. Bg5 Be6 11. Kh1 O-O 12. f3 Rfe8 13. Qd2 Qd7 14. f4 Qc8
15. f5 Bd7 16. Re3 c6 17. Rg3 Nh5 18. Rh3 Nf6 19. Qf4 d5 20. e5 Ne4 21. Bxe7
Rxe7 22. Nxe4 dxe4 23. Bxe4 h6 24. Rg3 Kf8 25. f6 Re6 26. Rxg7 Ke8 27. Rg8# 1-0

[Event "aut_ychg14 St. Georgen"]
[Site "?"]
[Date "2007.??.??"]
[Round "5.4"]
[White "Wunderl, Eva"]
[Black "Bauer, Marie-Christine"]
[Result "0-1"]
[WhiteElo "1475"]
[BlackElo "1701"]
[PlyCount "84"]
[EventDate "2007.05.26"]

1. e4 c5 2. Nf3 Nc6 3. Bb5 a6 4. Bxc6 bxc6 5. d4 cxd4 6. Nxd4 g6 7. O-O Bg7 8.
Re1 Nf6 9. Nc3 O-O 10. Be3 c5 11. Nb3 d6 12. Qd2 Ng4 13. Bf4 Ne5 14. Bh6 Nc4
15. Qf4 Be5 16. Qf3 Re8 17. Rab1 a5 18. Red1 Be6 19. Nxc5 Qc8 20. Nxe6 Qxe6 21.
Qd3 Rec8 22. f4 Bh8 23. f5 Qe5 24. Qd5 Nxb2 25. Qxe5 Bxe5 26. Rxb2 Rxc3 27.
Rdb1 Rcc8 28. Rb7 Bf6 29. Rc1 Rab8 30. Rb3 a4 31. Rg3 Rb2 32. Ra3 Rb4 33. Re3
Bd4 34. fxg6 Bxe3+ 35. Bxe3 hxg6 36. Kf2 Rxe4 37. Bh6 Rec4 38. Re1 Rxc2+ 39.
Kf1 e6 40. Rd1 d5 41. Rd2 Rxd2 42. Bxd2 Rc2 0-1

[Event "aut_ychg14 St. Georgen"]
[Site "?"]
[Date "2007.??.??"]
[Round "5.5"]
[White "Jost, Corinna"]
[Black "Krivda, Manuela"]
[Result "0-1"]
[WhiteElo "1248"]
[BlackElo "1412"]
[PlyCount "60"]
[EventDate "2007.05.26"]

1. e4 c5 2. Nf3 d6 3. d4 cxd4 4. Nxd4 Nf6 5. Nc3 g6 6. f4 Nc6 7. Be3 Bg7 8. Bb5
Bd7 9. O-O O-O 10. Nd5 Nxe4 11. Rb1 Nf6 12. Qf3 Nxd4 13. Bxd4 Bxb5 14. Rfc1 Bc6
15. c4 e6 16. Bxf6 Bxf6 17. Qd3 exd5 18. cxd5 Bd7 19. Qb3 b6 20. Qb4 Bf5 21.
Ra1 Qd7 22. Rc6 Be7 23. Rac1 Rac8 24. b3 Rxc6 25. Rxc6 Rc8 26. Rxc8+ Qxc8 27.
Qa4 Qc5+ 28. Kf1 Bd3+ 29. Ke1 Qa5+ 30. Qxa5 bxa5 0-1

[Event "aut_ychg14 St. Georgen"]
[Site "?"]
[Date "2007.??.??"]
[Round "5.6"]
[White "Windhager, Vanessa"]
[Black "Krassnitzer, Maria"]
[Result "1-0"]
[WhiteElo "1200"]
[BlackElo "1267"]
[PlyCount "71"]
[EventDate "2007.05.26"]

1. e4 e5 2. Nf3 Nf6 3. Nc3 Nc6 4. Bc4 d5 5. Bxd5 Nxd5 6. exd5 Nb4 7. Nxe5 f6 8.
Nf3 Nxd5 9. Qe2+ Be7 10. O-O Nf4 11. Qe3 Qd6 12. d3 Nd5 13. Nxd5 Qxd5 14. Re1
Qd6 15. Nd4 Bd7 16. Bd2 O-O 17. Nf5 Bxf5 18. Qxe7 Qc6 19. Bc3 Rae8 20. Qb4
Rxe1+ 21. Rxe1 Re8 22. Rxe8+ Qxe8 23. Qc4+ Kh8 24. Qxc7 h6 25. h3 Qe2 26. Bb4
Qh5 27. Bf8 Qg6 28. d4 Bxh3 29. Qxb7 f5 30. Qxg7+ Qxg7 31. Bxg7+ Kxg7 32. gxh3
Kf7 33. Kf1 Ke6 34. Ke2 Kd5 35. Kd3 a6 36. c4+ 1-0